000
00242 a2200097 4500
020
_a
9789360863029
100
_a
Nirmal Verma
245
_a
Doosri duniya(दूसरी दुनिया)
260
_b
Rajkamal prakashan
_c
2024
942
_c
OO
999
_c
116318
_d
116317